[Event "Calgary Chess Club Championship"]
[Site "Calgary"]
[Date "2008.03.11"]
[Round "2"]
[White "Ficzere, Tony"]
[Black "Horst, Ibach"]
[Result "1-0"]
[WhiteElo "1879"]
[BlackElo "1333"]
[PlyCount "91"]
[EventDate "2008.03.04"]
[EventType "swiss"]
[EventRounds "5"]
[EventCountry "CAN"]

1. d4 Nf6 2. Nf3 d6 3. c4 g6 4. Nc3 Bg7 5. e4 O-O 6. Be2 e6 7. Bg5 h6 8. Be3
Ng4 9. O-O Nxe3 10. fxe3 a6 11. e5 Nc6 12. exd6 cxd6 13. Qd2 f5 14. Rad1 b6 15.
e4 f4 16. d5 Ne5 17. Nd4 exd5 18. exd5 Qg5 19. Nf3 Nxf3+ 20. Bxf3 Bg4 21. Ne4
Qe5 22. Bxg4 Qxe4 23. b3 h5 24. Be6+ Kh7 25. Rfe1 Bd4+ 26. Qxd4 Qxd4+ 27. Rxd4
f3 28. Rf1 fxg2 29. Kxg2 Rxf1 30. Kxf1 Rf8+ 31. Kg2 Kh6 32. Rd3 g5 33. Rf3 Rxf3
34. Kxf3 g4+ 35. Kf4 Kg6 36. b4 Kf6 37. Bc8 a5 38. bxa5 bxa5 39. a4 Ke7 40. Kg5
Kd8 41. Ba6 Kc7 42. Kxh5 Kb6 43. Bb5 g3 44. hxg3 Kc7 45. Kg6 Kd8 46. Kf7 1-0

[Event "2008 March of Kings"]
[Site "Calgary"]
[Date "2008.03.08"]
[Round "1"]
[White "Ficzere, Tony"]
[Black "Hughey, Micah"]
[Result "0-1"]
[WhiteElo "1885"]
[BlackElo "2100"]
[PlyCount "56"]
[EventDate "2008.03.08"]
[EventType "swiss"]
[EventRounds "5"]
[EventCountry "CAN"]

1. d4 d5 2. Nf3 c5 3. c4 e6 4. Nc3 Nc6 5. e3 Nf6 6. Be2 dxc4 7. Bxc4 Be7 8. O-O
O-O 9. Re1 a6 10. Bb3 b5 11. dxc5 Bxc5 12. Bd2 Bb7 13. a3 Na5 14. Bc2 Nc4 15.
Bc1 Qe7 16. b4 Rfd8 17. Qe2 Bb6 18. Nd2 Rac8 19. Nde4 h6 20. Rb1 Ba7 21. Bb2
Nxe4 22. Nxe4 Bxe4 23. Bxe4 Rd2 24. Qf3 Nxb2 25. Rec1 Rxc1+ 26. Rxc1 Nc4 27.
Bb7 Rxf2 28. Qe4 Bxe3 0-1

[Event "2008 March of Kings"]
[Site "Calgary"]
[Date "2008.03.08"]
[Round "2"]
[White "Haessel, Dale"]
[Black "Ficzere, Tony"]
[Result "1-0"]
[WhiteElo "2242"]
[BlackElo "1885"]
[PlyCount "109"]
[EventDate "2008.03.08"]
[EventType "swiss"]
[EventRounds "5"]
[EventCountry "CAN"]

1. d4 Nf6 2. c4 e6 3. g3 d5 4. Nf3 c5 5. cxd5 Nxd5 6. Bg2 Nc6 7. O-O Be7 8.
dxc5 Bxc5 9. e4 Nf6 10. Qe2 O-O 11. e5 Nd5 12. Nbd2 Qc7 13. a3 a5 14. b3 b6 15.
Bb2 Ba6 16. Nc4 b5 17. Ncd2 b4 18. Nc4 Rab8 19. axb4 Ncxb4 20. Qe4 h6 21. Rfc1
Nc6 22. Ba3 Bxa3 23. Rxa3 Rb4 24. Bf1 Bb7 25. Bd3 g6 26. Qh4 Kg7 27. Be4 Nde7
28. Nxa5 Rxe4 29. Qxe4 Nxa5 30. Rxc7 Bxe4 31. Nd2 Bd5 32. Rxa5 Nf5 33. Raa7 Nd4
34. b4 Nb5 35. Re7 Nxa7 36. Rxa7 Rb8 37. Ra4 Bc6 38. Ra6 Bb5 39. Ra2 Bd3 40.
Rb2 g5 41. f4 Kg6 42. Kf2 gxf4 43. gxf4 Rc8 44. b5 Rb8 45. b6 Kf5 46. Ke3 Ba6
47. Nf3 Bb7 48. h3 Bxf3 49. Kxf3 f6 50. exf6 Kxf6 51. b7 h5 52. Ke4 Kf7 53. Ke5
Ke7 54. h4 Kd7 55. Kf6 1-0

[Event "2008 March of Kings"]
[Site "Calgary"]
[Date "2008.03.08"]
[Round "3"]
[White "Ficzere, Tony"]
[Black "Sequillion, Aaron"]
[Result "1/2-1/2"]
[WhiteElo "1885"]
[BlackElo "1657"]
[PlyCount "110"]
[EventDate "2008.03.08"]
[EventType "swiss"]
[EventRounds "5"]
[EventCountry "CAN"]

1. d4 Nf6 2. Nf3 g6 3. Bf4 Bg7 4. e3 O-O 5. Bd3 d6 6. Nbd2 Nbd7 7. O-O c5 8. c3
Re8 9. Qc2 a6 10. a4 b6 11. Rfe1 Bb7 12. Rac1 Rc8 13. Qb1 Nf8 14. e4 Ne6 15.
Be3 cxd4 16. cxd4 Ng4 17. Rxc8 Qxc8 18. b4 Nxe3 19. fxe3 Qa8 20. d5 Nf8 21. Nc4
Qa7 22. b5 Nd7 23. Nd4 Nc5 24. Bc2 Bxd4 25. exd4 Nd7 26. Bb3 Nf6 27. Ne3 Nd7
28. Nc2 axb5 29. axb5 Qa5 30. Bc4 Rc8 31. Ne3 Qd2 32. Qd1 Qxd1 33. Rxd1 Nf6 34.
e5 dxe5 35. dxe5 Ne4 36. d6 exd6 37. e6 Kf8 38. exf7 Rd8 39. Nd5 Bxd5 40. Bxd5
Nc3 41. Rd3 Nxd5 42. Rxd5 Kxf7 43. Kf2 Ke6 44. Rd3 d5 45. Rc3 Kd6 46. Rc6+ Ke5
47. Rxb6 d4 48. Ke2 d3+ 49. Kd2 Rd5 50. Rb7 h5 51. b6 Kd4 52. Rg7 g5 53. b7 Rb5
54. Rd7+ Ke4 55. Re7+ Kd4 1/2-1/2

[Event "2008 March of Kings"]
[Site "Calgary"]
[Date "2008.03.09"]
[Round "4"]
[White "Zhang, David"]
[Black "Ficzere, Tony"]
[Result "0-1"]
[WhiteElo "1720"]
[BlackElo "1885"]
[PlyCount "112"]
[EventDate "2008.03.08"]
[EventType "swiss"]
[EventRounds "5"]
[EventCountry "CAN"]

1. e4 c5 2. Nf3 Nc6 3. d4 cxd4 4. Nxd4 Nf6 5. Nc3 d6 6. Be2 e5 7. Nf3 Be7 8.
O-O O-O 9. Be3 Be6 10. Qd2 d5 11. exd5 Nxd5 12. Nxd5 Qxd5 13. Qxd5 Bxd5 14.
Rfd1 Rfd8 15. c4 Be6 16. b3 h6 17. Kf1 f5 18. Bd2 e4 19. Ne1 Bf6 20. Rab1 g5
21. g3 Rd7 22. Ng2 Rad8 23. Be1 Nd4 24. Bb4 Nxe2 25. Kxe2 Be5 26. Rxd7 Rxd7 27.
Rd1 f4 28. Rxd7 f3+ 29. Ke3 fxg2 30. Rd1 Bg4 31. Rg1 Bf3 32. Bc5 b6 33. Bd4 Bd6
34. Kd2 Kf7 35. Kc3 Ke6 36. b4 Bc7 37. c5 Kd5 38. cxb6 axb6 39. Bg7 h5 40. Bf6
g4 41. a4 Bd6 42. Bd4 Bxb4+ 43. Kxb4 Kxd4 44. Kb5 Kd3 45. Kxb6 Ke2 46. Ra1 Kxf2
47. Ra2+ Be2 48. a5 g1=Q 49. Rxe2+ Kxe2+ 50. Kb7 Qb1+ 51. Ka7 Kf3 52. a6 e3 53.
h3 e2 54. h4 e1=Q 55. Ka8 Qe8+ 56. Ka7 Qbb8# 0-1

[Event "2008 March of Kings"]
[Site "Calgary"]
[Date "2008.03.09"]
[Round "5"]
[White "Ficzere, Tony"]
[Black "Zeggelaar, Mike"]
[Result "1-0"]
[WhiteElo "1885"]
[BlackElo "1606"]
[PlyCount "75"]
[EventDate "2008.03.08"]
[EventType "swiss"]
[EventRounds "5"]
[EventCountry "CAN"]

1. d4 f5 2. e4 fxe4 3. Nc3 Nf6 4. f3 e3 5. Bxe3 e6 6. Bd3 Bb4 7. Bg5 O-O 8.
Nge2 c5 9. a3 cxd4 10. axb4 dxc3 11. Nxc3 Qb6 12. b5 d5 13. Na4 Qd6 14. Be3
Nbd7 15. Qd2 b6 16. c4 Nc5 17. Nxc5 bxc5 18. b3 d4 19. O-O Qe5 20. Bf2 Bb7 21.
Bg3 Qh5 22. Bd6 Rf7 23. Qe2 Re8 24. Qe5 Qh6 25. Bxc5 Nd7 26. Qxd4 Nxc5 27. Qxc5
Rc8 28. Qe5 Rd8 29. Rxa7 Rxd3 30. Qb8+ Rf8 31. Qxb7 Rfd8 32. Ra8 Qe3+ 33. Kh1
Qd2 34. Rxd8+ Rxd8 35. Qe4 Qd1 36. Re1 Qxb3 37. Qxe6+ Kf8 38. Qe7+ 1-0

[Event "3rd Edmonton International"]
[Site "Edmonton"]
[Date "2008.07.31"]
[Round "1"]
[White "Gerzhoy, Leonid"]
[Black "Haessel, Dale"]
[Result "0-1"]
[WhiteElo "2399"]
[BlackElo "2149"]
[PlyCount "38"]
[EventDate "2008.07.31"]
[EventType "swiss"]
[EventRounds "9"]
[EventCountry "CAN"]

1. e4 e5 2. Nf3 Nf6 3. Nxe5 d6 4. Nf3 Nxe4 5. Qe2 Qe7 6. d3 Nf6 7. Nc3 Qxe2+ 8.
Bxe2 c6 9. Ne4 Nbd7 10. Bf4 Nxe4 11. dxe4 Nf6 12. e5 Nd5 13. Bg3 dxe5 14. Nxe5
Bb4+ 15. Kd1 O-O 16. a3 Be7 17. Bf3 Be6 18. Re1 Rad8 19. Ke2 f5 0-1

[Event "3rd Edmonton International"]
[Site "Edmonton"]
[Date "2008.07.31"]
[Round "1"]
[White "Hughey, Micah"]
[Black "Panjwani, Raja"]
[Result "0-1"]
[WhiteElo "2011"]
[BlackElo "2310"]
[PlyCount "42"]
[EventDate "2008.07.31"]
[EventType "swiss"]
[EventRounds "9"]
[EventCountry "CAN"]
[TimeControl "300"]

1. e4 e6 2. c4 c5 3. Nf3 Nc6 4. d4 cxd4 5. Nxd4 Nxd4 6. Qxd4 Ne7 7. Nc3 Nc6 8.
Qd2 Bc5 9. a3 a5 10. Nb5 O-O 11. b3 d5 12. Bd3 dxe4 13. Bxe4 Qh4 14. Bc2 e5 15.
Bb2 Rd8 16. Qe2 Bg4 17. g3 Qh5 18. Qf1 Bf3 19. Rg1 Nd4 20. Bxd4 exd4 21. Bd3
Qh6 0-1

[Event "3rd Edmonton International"]
[Site "Edmonton"]
[Date "2008.08.01"]
[Round "2"]
[White "Cheng, Bindi"]
[Black "Moiseenko, Alexander"]
[Result "1/2-1/2"]
[WhiteElo "2333"]
[BlackElo "2632"]
[PlyCount "126"]
[EventDate "2008.07.31"]
[EventType "swiss"]
[EventRounds "9"]
[EventCountry "CAN"]

1. d4 Nf6 2. Bg5 c5 3. d5 Qb6 4. Nc3 Qxb2 5. Bd2 Qb6 6. e4 e5 7. f4 d6 8. f5 g6
9. Qf3 gxf5 10. Bb5+ Nbd7 11. exf5 a6 12. Be2 Rg8 13. Nh3 Qd8 14. a4 e4 15. Qf4
Rxg2 16. Ng5 Ne5 17. Kf1 Rxg5 18. Qxg5 Be7 19. Qf4 Qd7 20. Rb1 Ra7 21. Kg2 Qxf5
22. Rhf1 Qxf4 23. Bxf4 Ng6 24. Bg3 h5 25. Rxf6 Bxf6 26. Nxe4 Be5 27. Nxd6+ Bxd6
28. Bxd6 Bf5 29. Bxc5 Ra8 30. Rxb7 Rc8 31. Bb4 Be4+ 32. Kf1 Bxd5 33. Ra7 Rxc2
34. Bxa6 Bc4+ 35. Bxc4 Rxc4 36. Rb7 Rc1+ 37. Kf2 Rc2+ 38. Kg3 h4+ 39. Kh3 Rc4
40. Kg2 Nf4+ 41. Kf3 Nd5 42. Be1 Rf4+ 43. Ke2 Rxa4 44. Rb5 Nf4+ 45. Kf3 Ng6 46.
Rb4 Rxb4 47. Bxb4 f5 48. Bd2 Kf7 49. Bg5 Ke6 50. Bd8 Ke5 51. Bg5 Kd4 52. Bf6+
Kc4 53. Ke3 Kd5 54. Kf3 Ke6 55. Bd8 Kf7 56. Bg5 Kg7 57. Kf2 Kf8 58. Kg2 Kf7 59.
Kh3 Ke6 60. Bxh4 Ke5 61. Bg3+ Ke4 62. Kg2 f4 63. Bxf4 Nxf4+ 1/2-1/2

[Event "3rd Edmonton International"]
[Site "Edmonton"]
[Date "2008.08.01"]
[Round "2"]
[White "Gardner, Robert"]
[Black "Kraai, Jesse"]
[Result "0-1"]
[WhiteElo "2175"]
[BlackElo "2513"]
[PlyCount "36"]
[EventDate "2008.07.31"]
[EventType "swiss"]
[EventRounds "9"]
[EventCountry "CAN"]
[TimeControl "300"]

1. f4 Nf6 2. Nf3 g6 3. b4 Bg7 4. Bb2 O-O 5. e3 Na6 6. a3 b6 7. Bd3 c5 8. Qe2
Nc7 9. c4 d5 10. bxc5 bxc5 11. cxd5 Ncxd5 12. O-O Nxf4 13. exf4 Qb6 14. Bb5 a6
15. Nc3 axb5 16. Qxb5 Qd6 17. Qe2 Ba6 18. Nb5 Bxb5 0-1

[Event "3rd Edmonton International"]
[Site "Edmonton"]
[Date "2008.08.01"]
[Round "2"]
[White "Hungaski, Robert"]
[Black "Gicev, Blagoja"]
[Result "1/2-1/2"]
[WhiteElo "2407"]
[BlackElo "2312"]
[PlyCount "127"]
[EventDate "2008.07.31"]
[EventType "swiss"]
[EventRounds "9"]
[EventCountry "CAN"]

1. Nf3 Nf6 2. c4 g6 3. Nc3 Bg7 4. e4 d6 5. d4 O-O 6. Be2 e5 7. Be3 Ng4 8. Bg5
f6 9. Bh4 Nc6 10. d5 Ne7 11. Nd2 Nh6 12. f3 c5 13. a3 f5 14. Rb1 Bf6 15. Bf2
Nf7 16. b4 b6 17. Nb3 Bg5 18. Nc1 Bxc1 19. Qxc1 f4 20. g4 h5 21. gxh5 gxh5 22.
Rg1+ Kh7 23. Bh4 Qd7 24. Kd2 Ng6 25. Bf6 Qh3 26. Qf1 Qxf1 27. Rbxf1 Bh3 28. Rb1
Nh6 29. Bg5 Rf7 30. Nd1 Rg8 31. Nf2 Bc8 32. h4 Rc7 33. Rh1 Kg7 34. Rbg1 Nf7 35.
Rg2 Nxg5 36. hxg5 Rh8 37. Rgh2 h4 38. b5 Rh5 39. Rg1 a6 40. Kc3 Ra7 41. Kb3 Bd7
42. a4 Rh8 43. Nd1 Kf7 44. Bf1 a5 45. Nf2 Rh5 46. Bh3 Bxh3 47. Nxh3 Ra8 48. Kc3
Rg8 49. Kd2 Nf8 50. Rg4 Ng6 51. Ke2 Rgh8 52. Rg1 Kg7 53. Kf1 R8h7 54. Rg4 Rh8
55. Kg2 Nf8 56. Kh1 Ng6 57. Rhg2 Kf7 58. Kh2 Kg7 59. Rg1 Kf7 60. Rb1 Kg7 61.
Rgg1 Nf8 62. Rb2 Ng6 63. Rd2 R8h7 64. Rg4 1/2-1/2

[Event "3rd Edmonton International"]
[Site "Edmonton"]
[Date "2008.08.01"]
[Round "2"]
[White "Panjwani, Raja"]
[Black "Shabalov, Alexander"]
[Result "1-0"]
[WhiteElo "2310"]
[BlackElo "2611"]
[PlyCount "129"]
[EventDate "2008.07.31"]
[EventType "swiss"]
[EventRounds "9"]
[EventCountry "CAN"]
[TimeControl "300"]

1. e4 e5 2. Nf3 Nc6 3. Nc3 Nf6 4. g3 Bc5 5. Bg2 d6 6. d3 a6 7. O-O Be6 8. h3 h6
9. Be3 Bxe3 10. fxe3 Ne7 11. Nh4 c6 12. Qe2 Qd7 13. Kh2 Nh7 14. Rf2 Ng5 15. Qf1
g6 16. d4 Qc7 17. Rd1 O-O 18. d5 cxd5 19. exd5 Bd7 20. Rf6 Kg7 21. Qf2 Bb5 22.
Nxb5 axb5 23. Rf1 Qd8 24. Qe2 b4 25. Qb5 Ng8 26. R6f2 Rxa2 27. Qxb4 Qd7 28. Qb3
Ra4 29. Qd3 e4 30. Qc3+ f6 31. b3 Raa8 32. Qd4 b5 33. Rf4 Rac8 34. c4 bxc4 35.
bxc4 h5 36. g4 hxg4 37. Rxg4 Kh7 38. Bxe4 Nxe4 39. Rxe4 Nh6 40. Re6 Qg7 41. Qd3
f5 42. Rg1 g5 43. Ng6 Rf6 44. Nf4 Rf7 45. Rg6 Qb2+ 46. Rg2 Qc1 47. R2xg5 Rxc4
48. Rg2 Rxf4 49. exf4 Qxf4+ 50. Kh1 Rc7 51. Qg3 Qxg3 52. R6xg3 f4 53. Rg5 f3
54. R2g3 Rc1+ 55. Rg1 Rc3 56. Kh2 Rd3 57. Kg3 Nf7 58. Rf5 Ne5 59. Kf4 Rd4+ 60.
Ke3 Rh4 61. Rxe5 dxe5 62. Rd1 Kg7 63. d6 Rd4 64. Rxd4 exd4+ 65. Kxf3 1-0

[Event "3rd Edmonton International"]
[Site "Edmonton"]
[Date "2008.08.01"]
[Round "2"]
[White "Pechenkin, Vladimir"]
[Black "Mrugala, David"]
[Result "0-1"]
[WhiteElo "2281"]
[BlackElo "2035"]
[PlyCount "104"]
[EventDate "2008.07.31"]
[EventType "swiss"]
[EventRounds "9"]
[EventCountry "CAN"]
[TimeControl "300"]

1. f4 {[%emt 0:00:00]} d5 2. Nf3 c5 3. e3 Nf6 4. Be2 g6 5. O-O Bg7 6. d3 O-O 7.
Nc3 Nc6 8. Ne5 Qc7 9. Nxc6 Qxc6 10. Bf3 Rd8 11. Qe2 Rb8 12. e4 e6 13. a4 b6 14.
g4 dxe4 15. dxe4 Bb7 16. e5 Nd5 17. Nb5 a6 18. Nd6 Rxd6 19. exd6 Qxd6 20. Bg2
Bd4+ 21. Kh1 Bc6 22. c3 Bg7 23. Qxa6 e5 24. f5 e4 25. Qe2 Re8 26. Bg5 h6 27.
Be3 g5 28. Rad1 Qe5 29. a5 Bf8 30. axb6 Bd6 31. Bg1 Nf4 32. Qe3 Nd5 33. Qg3 Qf6
34. Qe1 Qe5 35. Qg3 Qf6 36. Qe1 Qe5 37. c4 Nf4 38. Qe3 Nxg2 39. Kxg2 Qf6 40. b3
Bf4 41. Qe2 e3+ 42. Kh3 h5 43. Rd5 Bxd5 44. cxd5 hxg4+ 45. Kxg4 Qh6 46. Qb5
Qh4+ 47. Kf3 Qh3+ 48. Ke2 Ra8 49. Rxf4 gxf4 50. b7 Ra2+ 51. Kd1 Ra1+ 52. Kc2
Qg2+ 0-1

[Event "3rd Edmonton International"]
[Site "Edmonton"]
[Date "2008.08.01"]
[Round "2"]
[White "Peter, Steven"]
[Black "Vicary, Elizabeth"]
[Result "1/2-1/2"]
[WhiteElo "2303"]
[BlackElo "2145"]
[PlyCount "111"]
[EventDate "2008.07.31"]
[EventType "swiss"]
[EventRounds "9"]
[EventCountry "CAN"]
[TimeControl "300"]

1. d4 Nf6 2. c4 e6 3. Nf3 Bb4+ 4. Nbd2 O-O 5. a3 Bxd2+ 6. Bxd2 h6 7. Bf4 b6 8.
e3 Bb7 9. Be2 d6 10. O-O Nh5 11. Qd2 Nxf4 12. exf4 Nd7 13. b4 Qe7 14. Rfe1 c5
15. Rad1 Rfd8 16. Qe3 Qf6 17. dxc5 dxc5 18. Bd3 Rac8 19. b5 Ra8 20. Be4 Bxe4
21. Qxe4 Qe7 22. Qb7 Kf8 23. g3 f6 24. Qc6 Kf7 25. f5 Nf8 26. fxe6+ Nxe6 27.
Nh4 Rxd1 28. Rxd1 Rd8 29. Re1 Qd7 30. Nf5 Nd4 31. Nxd4 cxd4 32. Qf3 d3 33. Rd1
Qd4 34. Qf4 Qxf4 35. gxf4 Ke6 36. Kg2 Kf5 37. Kf3 h5 38. Rd2 h4 39. h3 g6 40.
Ke3 Re8+ 41. Kf3 Re4 42. Rxd3 Rxf4+ 43. Kg2 Rxc4 44. Kf3 g5 45. Rd5+ Ke6 46.
Rd3 Ke5 47. Kg2 Rc5 48. Rd7 Rxb5 49. Rxa7 f5 50. a4 Ra5 51. Rb7 Rxa4 52. Rxb6
g4 53. Rh6 gxh3+ 54. Kxh3 Rf4 55. Kg2 Rg4+ 56. Kf3 1/2-1/2

[Event "3rd Edmonton International"]
[Site "Edmonton"]
[Date "2008.08.01"]
[Round "3"]
[White "Moiseenko, Alexander"]
[Black "Hungaski, Robert"]
[Result "1/2-1/2"]
[WhiteElo "2632"]
[BlackElo "2407"]
[PlyCount "64"]
[EventDate "2008.07.31"]
[EventType "swiss"]
[EventRounds "9"]
[EventCountry "CAN"]
[TimeControl "300"]

1. d4 d5 2. c4 e6 3. Nf3 Nf6 4. Nc3 Be7 5. Bf4 O-O 6. e3 c5 7. dxc5 Bxc5 8.
cxd5 Nxd5 9. Nxd5 exd5 10. a3 Nc6 11. Bd3 Bb6 12. O-O d4 13. e4 Bg4 14. h3 Bh5
15. g4 Bg6 16. Rc1 Rc8 17. Nd2 f6 18. Nc4 Bc7 19. Bxc7 Qxc7 20. f4 Bf7 21. Rc2
Kh8 22. Rcf2 Nb4 23. axb4 Bxc4 24. Rc2 Qf7 25. Qc1 Be6 26. Rff2 Qd7 27. Rxc8
Rxc8 28. Rc2 Bxg4 29. hxg4 Qxg4+ 30. Kh2 Qh4+ 31. Kg2 Qg4+ 32. Kh2 Qh4+ 1/2-1/2

[Event "3rd Edmonton International"]
[Site "Edmonton"]
[Date "2008.08.02"]
[Round "5"]
[White "Haessel, Dale"]
[Black "Pechenkin, Vladimir"]
[Result "0-1"]
[WhiteElo "2149"]
[BlackElo "2281"]
[PlyCount "48"]
[EventDate "2008.07.31"]
[EventType "swiss"]
[EventRounds "9"]
[EventCountry "CAN"]

1. d4 f5 2. g3 Nf6 3. Bg2 e6 4. Nf3 Be7 5. c4 d6 6. O-O O-O 7. Nc3 Ne4 8. Nxe4
fxe4 9. Ne1 d5 10. f3 exf3 11. Nxf3 Nc6 12. b3 b6 13. Bb2 Bb7 14. Qd2 Qd6 15.
Rfd1 Rad8 16. Rac1 Bf6 17. Qc2 Nb4 18. Qb1 dxc4 19. bxc4 c5 20. d5 exd5 21.
cxd5 Bxb2 22. Qxb2 Qe7 23. Qb3 Bxd5 24. Rxd5 Nxd5 0-1

[Event "3rd Edmonton International"]
[Site "Edmonton"]
[Date "2008.08.02"]
[Round "5"]
[White "Huber, Greg"]
[Black "Peter, Steven"]
[Result "1/2-1/2"]
[WhiteElo "2236"]
[BlackElo "2303"]
[PlyCount "178"]
[EventDate "2008.07.31"]
[EventType "swiss"]
[EventRounds "9"]
[EventCountry "CAN"]

1. e4 Nf6 2. Nc3 d5 3. exd5 Nxd5 4. g3 Bf5 5. Bg2 Nxc3 6. bxc3 c6 7. Rb1 Qc8 8.
d4 e6 9. Nf3 Be7 10. Bf4 Nd7 11. O-O O-O 12. Qe2 Rd8 13. Rfd1 Bf6 14. h3 h6 15.
g4 Bh7 16. c4 Re8 17. Rb3 g5 18. Bg3 Bg7 19. Bd6 Bf8 20. Bg3 Bg7 21. h4 gxh4
22. Nxh4 e5 23. d5 Nc5 24. Re3 e4 25. Bh3 cxd5 26. Rxd5 Na4 27. Nf5 Bxf5 28.
Rxf5 Qc6 29. g5 Re6 30. gxh6 Rxh6 31. Qg4 Re8 32. Rg5 Rg6 33. Rxg6 fxg6 34. Qd7
Nc3 35. Qxc6 bxc6 36. Bd7 Rd8 37. Bxc6 Rd1+ 38. Kg2 Bd4 39. Rxc3 Bxc3 40. Bxe4
Kf7 41. c5 Ke6 42. c6 Rd4 43. c7 Rc4 44. Bb7 Kd7 45. c8=Q+ Rxc8 46. Bxc8+ Kxc8
47. Kf3 Kd7 48. Ke4 Ke6 49. Bf4 a6 50. Be3 Be5 51. Bb6 Bc3 52. Bd4 Bd2 53. c4
Kd6 54. Be3 Bc3 55. Kd3 Bf6 56. Bd4 Bd8 57. Ke4 Be7 58. f4 Kc6 59. Bf2 Bf6 60.
Be3 Be7 61. Ke5 Bd6+ 62. Ke4 Be7 63. c5 Bd8 64. Bd4 Bc7 65. Be5 Ba5 66. Bd4 Bc7
67. Be3 Bd8 68. Bf2 Bf6 69. Kf3 Bc3 70. Kg4 Kd5 71. Be3 Bf6 72. Bf2 Bc3 73. Kf3
Bf6 74. Be3 Be7 75. Kg4 Bd8 76. Bf2 Be7 77. Be3 Bd8 78. Bg1 Be7 79. Bf2 Bd8 80.
Bh4 Bc7 81. Be7 Ke6 82. Bf8 Bd8 83. Bd6 Kd5 84. Bf8 Ke6 85. Bh6 Kd5 86. Bg5 Bc7
87. Be7 Ke6 88. Bd6 Bd8 89. Be5 Kd5 1/2-1/2

[Event "3rd Edmonton International"]
[Site "Edmonton"]
[Date "2008.08.03"]
[Round "6"]
[White "Cheng, Bindi"]
[Black "Panjwani, Raja"]
[Result "1/2-1/2"]
[WhiteElo "2333"]
[BlackElo "2310"]
[PlyCount "56"]
[EventDate "2008.07.31"]
[EventType "swiss"]
[EventRounds "9"]
[EventCountry "CAN"]
[TimeControl "300"]

1. e4 d6 2. d4 Nf6 3. Nc3 e5 4. Nf3 Nbd7 5. Bc4 Be7 6. O-O O-O 7. Re1 c6 8. a4
b6 9. d5 Bb7 10. dxc6 Bxc6 11. Bg5 Rc8 12. Bxf6 Nxf6 13. Bb3 Rc7 14. Qd3 Qa8
15. a5 Qb7 16. axb6 axb6 17. Ba4 Ra8 18. Bxc6 Qxc6 19. Rxa8+ Qxa8 20. Nd2 Qa5
21. Nb3 Qa8 22. Qb5 Qc6 23. Qxc6 Rxc6 24. Ra1 g6 25. Ra7 Bf8 26. Rb7 Nh5 27.
Nc1 Bh6 28. Nd3 Bd2 1/2-1/2

[Event "3rd Edmonton International"]
[Site "Edmonton"]
[Date "2008.08.03"]
[Round "6"]
[White "Friedel, Josh"]
[Black "Hungaski, Robert"]
[Result "1-0"]
[WhiteElo "2524"]
[BlackElo "2407"]
[PlyCount "47"]
[EventDate "2008.07.31"]
[EventType "swiss"]
[EventRounds "9"]
[EventCountry "CAN"]
[TimeControl "300"]

1. c4 e5 2. Nc3 Nf6 3. Nf3 Nc6 4. d4 exd4 5. Nxd4 Bb4 6. g3 O-O 7. Bg2 Ne5 8.
O-O Bxc3 9. bxc3 Nxc4 10. e4 d5 11. exd5 Nxd5 12. Qb3 Ndb6 13. Bf4 a6 14. Rad1
Bd7 15. Qb1 Qc8 16. Be4 g6 17. Nb3 c5 18. Na5 Ra7 19. Bd3 Be6 20. Qb3 g5 21.
Bd6 Rd8 22. Nxc4 Rxd6 23. Nxd6 Qc6 24. Qb1 1-0

[Event "3rd Edmonton International"]
[Site "Edmonton"]
[Date "2008.08.03"]
[Round "6"]
[White "Kraai, Jesse"]
[Black "Gerzhoy, Leonid"]
[Result "0-1"]
[WhiteElo "2513"]
[BlackElo "2399"]
[PlyCount "76"]
[EventDate "2008.07.31"]
[EventType "swiss"]
[EventRounds "9"]
[EventCountry "CAN"]
[TimeControl "300"]

1. Nf3 d5 2. d4 Nf6 3. c4 e6 4. g3 Be7 5. Bg2 O-O 6. O-O dxc4 7. Ne5 Nc6 8.
Bxc6 bxc6 9. Nxc6 Qe8 10. Nxe7+ Qxe7 11. Qa4 e5 12. dxe5 Qxe5 13. Qxc4 Be6 14.
Qd3 Rad8 15. Qe3 Qh5 16. f3 Bc4 17. Nc3 Rfe8 18. Qg5 Qh3 19. Rf2 Bxe2 20. Bf4
Bd1 21. Be5 h6 22. Qf4 Nd5 23. Nxd5 Rxd5 24. Bc3 Rd3 25. Qxc7 Rxf3 26. Qc6 Rc8
27. Qd5 Rxf2 28. Kxf2 Qxh2+ 29. Qg2 Qh5 30. Qe4 Rc5 31. Kg2 Rg5 32. b3 Rg6 33.
Rc1 Re6 34. Be5 Re8 35. Rc5 Bg4 36. Qd5 Bh3+ 37. Kf2 Qf5+ 38. Kg1 Rxe5 0-1

[Event "3rd Edmonton International"]
[Site "Edmonton"]
[Date "2008.08.03"]
[Round "6"]
[White "Shabalov, Alexander"]
[Black "Moiseenko, Alexander"]
[Result "0-1"]
[WhiteElo "2611"]
[BlackElo "2632"]
[PlyCount "104"]
[EventDate "2008.07.31"]
[EventType "swiss"]
[EventRounds "9"]
[EventCountry "CAN"]

1. e4 c5 2. Nf3 Nc6 3. d4 cxd4 4. Nxd4 Nf6 5. Nc3 e5 6. Ndb5 d6 7. Bg5 a6 8.
Na3 b5 9. Bxf6 gxf6 10. Nd5 f5 11. Bd3 Be6 12. O-O Bxd5 13. exd5 Ne7 14. Qh5 e4
15. Be2 Bg7 16. c3 O-O 17. Nc2 f4 18. f3 f5 19. fxe4 fxe4 20. Bg4 Kh8 21. Rae1
Be5 22. Be6 e3 23. g3 Qb6 24. Kh1 fxg3 25. hxg3 e2 26. Rf3 Rxf3 27. Qxf3 Ng6
28. Ne3 Rf8 29. Nf5 b4 30. c4 Qa5 31. Qb3 Ne7 32. g4 Qd8 33. Qh3 Ng6 34. Qh6
Nf4 35. Kg1 Qf6 36. Qxf6+ Rxf6 37. Kf2 Bxb2 38. Kf3 Bc3 39. Kxf4 Bxe1 40. Kf3
Bg3 41. Kxe2 Be5 42. Kd3 a5 43. Kc2 Rg6 44. Nh4 Rh6 45. Nf3 Bf4 46. g5 Rh1 47.
Kb3 Rc1 48. Ka4 Rc3 49. Nd4 Ra3+ 50. Kb5 Rxa2 51. c5 dxc5 52. Kxc5 Be3 0-1

[Event "3rd Edmonton International"]
[Site "Edmonton"]
[Date "2008.08.03"]
[Round "6"]
[White "Vicary, Elizabeth"]
[Black "Reeve, Jeff"]
[Result "0-1"]
[WhiteElo "2145"]
[BlackElo "2243"]
[PlyCount "56"]
[EventDate "2008.07.31"]
[EventType "swiss"]
[EventRounds "9"]
[EventCountry "CAN"]
[TimeControl "300"]

1. e4 c5 2. Nf3 d6 3. Bb5+ Nc6 4. O-O Bd7 5. Re1 Nf6 6. c3 a6 7. Bf1 Bg4 8. h3
Bxf3 9. Qxf3 g6 10. d3 Bg7 11. Be3 e5 12. Na3 O-O 13. Bg5 h6 14. Bh4 g5 15. Bg3
d5 16. exd5 Nxd5 17. Nc4 Nf4 18. h4 f5 19. hxg5 hxg5 20. Bxf4 gxf4 21. g3 fxg3
22. Qxg3 Qf6 23. Bh3 Kh8 24. Kh2 Bh6 25. Qf3 b5 26. Ne3 Ra7 27. Rg1 e4 28. Qh5
Rh7 0-1

[Event "3rd Edmonton International"]
[Site "Edmonton"]
[Date "2008.08.04"]
[Round "8"]
[White "Pechenkin, Vladimir"]
[Black "Hughey, Micah"]
[Result "1-0"]
[WhiteElo "2281"]
[BlackElo "2011"]
[PlyCount "53"]
[EventDate "2008.07.31"]
[EventType "swiss"]
[EventRounds "9"]
[EventCountry "CAN"]
[TimeControl "300"]

1. f4 Nf6 2. Nf3 g6 3. d3 Bg7 4. e4 d6 5. Be2 O-O 6. O-O c5 7. c3 Nc6 8. Kh1 b5
9. a3 a5 10. Be3 Bb7 11. Nbd2 b4 12. d4 cxd4 13. cxd4 e5 14. fxe5 dxe5 15. d5
Ne7 16. axb4 axb4 17. Rxa8 Qxa8 18. Bc5 Re8 19. Bb5 Qa5 20. Qe2 Ba6 21. Bxa6
Qxc5 22. Nxe5 Nfxd5 23. exd5 Nxd5 24. Qc4 Qe3 25. Qxd5 Rxe5 26. Qxf7+ Kh8 27.
Nc4 1-0